Biały węgorz Polish song lyrics - Statistics

General Stats
  • This quiz has been taken 14 times
  • The average score is 91 of 378
Answer Stats
Answer % Correct
W
92%
Jedno
83%
Tylko
83%
Głowie
75%
Gram
75%
Ma
75%
Mam
75%
O
75%
Pięć
75%
A
67%
Biały
67%
Koksu
67%
67%
Węgorz
67%
Z
67%
Odlecieć
58%
Za
58%
I
50%
krainę
50%
Po
50%
Sam
50%
Bo
42%
Ja
42%
Na
42%
Stan
42%
Ten
42%
Zapomnienia
42%
Ale
33%
Ci
33%
Gdy
33%
Jak
33%
Już
33%
Kiedy
33%
Nie
33%
nie
33%
Się
33%
Będę
25%
Biała
25%
Cię
25%
Co
25%
To
25%
Do
25%
Dzień
25%
Gdzie
25%
Jest
25%
Kurwa
25%
Mi
25%
Mnie
25%
No
25%
Pierdole
25%
Pierdolę
25%
skończy
25%
Tak
25%
To
25%
Twoją
25%
U
25%
Jebane
17%
By
17%
Chcę
17%
Chce
17%
Chuj
17%
Dam
17%
Długi
17%
Drugi
17%
Dzieje
17%
Gwiazd
17%
Ile
17%
Który
17%
Mać
17%
Narty
17%
Nic
17%
Przed
17%
Same
17%
Tego
17%
Wiem
17%
Wszystko
17%
Zjazd
17%
zjazd
17%
Albo
8%
Alpy
8%
Bardzo
8%
Baton
8%
Będzie
8%
Bez
8%
Blacie
8%
Brak
8%
Burdel
8%
Chatą
8%
Chaty
8%
Chemia
8%
Chuja
8%
Chwytam
8%
Coś
8%
Ćpam
8%
Czas
8%
Dilera
8%
Dla
8%
Dziabła
8%
Dziury
8%
Dziwi
8%
Fiknę
8%
Gargamela
8%
Głodu
8%
Hej
8%
Jakby
8%
Jebana
8%
Jednak
8%
Jeszcze
8%
Kinol
8%
Kłoda
8%
Księżyca
8%
Kura
8%
Leżę
8%
Leży
8%
Mieć
8%
Myślach
8%
Myśli
8%
nochala
8%
opcja
8%
Pewno
8%
Pieje
8%
Przejebane
8%
Psiknę
8%
Radę
8%
Rozpuszczam
8%
Śmierć
8%
Sprzedam
8%
Sprzedane
8%
Sumie
8%
Szarańcza
8%
Tabalugi
8%
Taki
8%
Towaru
8%
TV
8%
Ulica
8%
Walenia
8%
Wąż
8%
Wciągacie
8%
Wierzę
8%
Wilkołak
8%
Wjedzie
8%
Wykańcza
8%
Zejście
8%
Żesz
8%
Bajery
0%
Biegam
0%
Bracie
0%
Brykać
0%
Bym
0%
Cadillacu
0%
Cały
0%
Chciałbym
0%
Chiba
0%
Chociaż
0%
Chwast
0%
Chyba
0%
Czwórka
0%
Discovery
0%
Dotykać
0%
Dreszcze
0%
Dupa
0%
Dziś
0%
Fakira
0%
Giwery
0%
Głupoty
0%
Gorączka
0%
Hajsy
0%
Hera
0%
hery
0%
Hery
0%
Inne
0%
Jaja
0%
Jakaś
0%
Jaskółka
0%
Johny
0%
Kaja
0%
Każdemu
0%
Kieszeni
0%
Kopa
0%
Kotle
0%
Krechę
0%
Królik
0%
Krzywi
0%
Kurwę
0%
Łące
0%
Leciał
0%
Lecz
0%
Macie
0%
Maja
0%
Marzy
0%
Masz
0%
Mega
0%
Może
0%
Myślami
0%
Nasila
0%
Niego
0%
Nosie
0%
Nożyczki
0%
Numer
0%
Odpada
0%
Pantera
0%
Party
0%
Poharatany
0%
Posypać
0%
Pożyczki
0%
Przełknę
0%
Przycinam
0%
Przydała
0%
Pszczółka
0%
Pustak
0%
Pustka
0%
Rozkłada
0%
Rozpalony
0%
Ryj
0%
Słychać
0%
Smaku
0%
Smoka
0%
Śnił
0%
Śpiewała
0%
Stole
0%
Syf
0%
Szmery
0%
Szóstka
0%
Też
0%
Totalne
0%
Totka
0%
Trwał
0%
Ucha
0%
Usycham
0%
Van
0%
Wejście
0%
wozić
0%
Wygięty
0%
Wymiętolony
0%
Wyrwany
0%
wystrzelić
0%
Zalegam
0%
Zdechłe
0%
Zdzira
0%
Znajomych
0%
Zwierze
0%
No matching quizzes found
Score Distribution
Percent of People with Each Score
Percentile by Number Answered
Your Score History
You have not taken this quiz